Zdaňovanie príjmov podnikov v SR bakalárska práca

Guardado en:
Detalles Bibliográficos
Autor principal: Straňák, Andrej
Autor Corporativo: Národohospodárska fakulta EU. Katedra financií
Otros Autores: Kubicová, Jana, 1961-
Formato: Libro
Lenguaje:eslovaco
Publicado: Bratislava 2019
Etiquetas: Agregar Etiqueta
Sin Etiquetas, Sea el primero en etiquetar este registro!

MARC

LEADER 00000nbm a2200000 4500
001 0257797
005 20191030131108.6
041 0 |a slo 
044 |a SK 
245 1 0 |a Zdaňovanie príjmov podnikov v SR  |b bakalárska práca  |c Andrej Straňák ; školiteľ: Jana Kubicová 
264 1 |a Bratislava  |c 2019 
300 |a 48 s. 
100 1 |a Straňák, Andrej 
700 1 |a Kubicová, Jana, 1961- 
710 2 |a Národohospodárska fakulta EU. Katedra financií